Koncepcia vodnej politiky Slovenskej republiky do roku 2030 s výhľadom do roku 2050: schválená uznesením vlády Slovenskej republiky č. 372 z 1. júna 2022

Uložené v:
Podrobná bibliografia
Médium: Kniha
Jazyk:Slovak
Vydavateľské údaje: Bratislava: Ministerstvo životného prostredia Slovenskej republiky, 2022
Vydanie:1. vyd.
Tagy: Pridať tag
Žiadne tagy, Buďte prvý, kto otaguje tento záznam!

MARC

LEADER 00000nam a22000003a 4500
001 0101442
003 SK-STU
005 20230420110005.6
007 ta
008 230420s ----xo-----e------000-0-----d
020 |a 978-80-8213-086-0 
040 |a STU  |b slo 
041 0 |a slo  |h slo 
044 |a xo 
245 1 0 |a Koncepcia vodnej politiky Slovenskej republiky do roku 2030 s výhľadom do roku 2050:  |b schválená uznesením vlády Slovenskej republiky č. 372 z 1. júna 2022 
250 |a 1. vyd. 
260 |a Bratislava:  |b Ministerstvo životného prostredia Slovenskej republiky,  |c 2022 
300 |a 64 s. 
996 |b 284V037969  |c V* 9444/K-2524  |l VVT  |s A  |a 24  |w 0101442_0001